| 000 | 01314ngm a22003730a 4500 | ||
|---|---|---|---|
| 001 | PT38736 | ||
| 003 | AR-LpoUNG | ||
| 005 | 20210202000531.0 | ||
| 007 | vd cvaizq | ||
| 008 | 191001s2005||||ag |||||||||||||||||spa d | ||
| 037 | _c$7.05 | ||
| 040 |
_aAR-LpoUNG _bspa _cAR-LpoUNG _eaacr |
||
| 041 | _aspa | ||
| 044 | _aag | ||
| 082 | 0 | _a302.5 227tat | |
| 100 | 1 |
_aRapso, Eduardo _edir. |
|
| 245 | 1 | 0 | _aTatuado |
| 250 | _a1§ edición | ||
| 260 |
_aBuenos Aires : _bSBP, _c2005. |
||
| 300 | _aDVD (82 min.) : son., col. | ||
| 505 | 0 | _aElenco: Nahuel Pérez Biscayart, Luis Ziembrowski, Jimena Anganuzzi | |
| 520 | _aPaco sabe que su madre murió de una enfermedad terminal, cuando él apenas tenía dos años, que su papá, Alvaro, se ha casado nuevamente, después de un largo duelo y que la hermana recién nacida lo acompañará de por vida. Tiene un extraño tatuaje en su antebrazo y sabe que fue el último mensaje de su madre antes de marcharse por primera vez, porque ahora sabe que la muerte fue un paso posterior al abandono. | ||
| 650 | 4 | _aARGENTINA | |
| 650 | 4 | _aDRAMA | |
| 650 | 4 | _aIDENTIDAD | |
| 650 | 4 | _aJOVENES | |
| 650 | 4 | _aRELACIONES HUMANAS | |
| 651 | 4 | _aArgentina | |
| 653 | _aCINE ARGENTINO | ||
| 653 | _aDVD | ||
| 653 | _aVIDEOS | ||
| 905 | _a38736 | ||
| 942 | _cDVD | ||
| 999 |
_c55046 _d55046 |
||